Contemporary issues in U.S. education
Αποθηκεύτηκε σε:
| Άλλοι συγγραφείς: | , , |
|---|---|
| Μορφή: | Βιβλίο |
| Γλώσσα: | English |
| Δημοσίευση: |
Norwood :
Ablex,
1990
|
| Σειρά: | Social and policy issues in education
|
| Θέματα: | |
| Ετικέτες: |
Προσθήκη ετικέτας
Δεν υπάρχουν, Καταχωρήστε ετικέτα πρώτοι!
|
MARC
| LEADER | 00000nam a2200000 i 4500 | ||
|---|---|---|---|
| 001 | 1/71250 | ||
| 008 | 980525s1990 eng d | ||
| 020 | |z 0-89391-662-6 | ||
| 035 | |l 10030895 | ||
| 040 | |a GR-MY-UA |b gre |e aacr | ||
| 041 | 0 | |a eng | |
| 082 | 0 | |a 370.973 | |
| 245 | 1 | 0 | |a Contemporary issues in U.S. education / |c edited by Kathryn M. Borman, Piyush Swammi, Lonnie D. Wagstaff |
| 260 | |a Norwood : |b Ablex, |c 1990 | ||
| 300 | |a 182 σ.; |c 24 εκ. | ||
| 490 | 1 | |a Social and policy issues in education | |
| 650 | 0 | 0 | |a Education |z United States |x Aims and Objectives. |
| 650 | 0 | 0 | |a Education |x Social aspects |z United States. |
| 700 | 1 | |a Borman, Kathryn M. |4 edt | |
| 700 | 1 | |a Swami, Piyush. |4 edt | |
| 700 | 1 | |a Wagstaff, Lonnie. |4 edt | |
| 830 | 0 | |a Social and policy issues in education | |
| 852 | |a INST |b RHODES |e 19980525 |h 370.973 CON |p 005400006568 |q 005400006568 |t BK |y 0 | ||
| 901 | |a BIBL-1998-2 | ||
| 909 | |a Ρ |b 053873 |c 1998 | ||
| 922 | |a 4ΕΛΗ |b 199802 |c ΧΑΤΖΗΓΕΩΡΓΙΟΥ |d ΠΑΠΑΣΩΤΗΡΙΟΥ | ||